[Event "AUT98_M-ch"]
[Site "Werfen"]
[Date "1998.08.10"]
[Round "3.12"]
[White "Hiermann, Dietmar"]
[Black "Titz, Heimo"]
[Result "1-0"]
[WhiteElo "2205"]
[BlackElo "2310"]
[PlyCount "110"]
[EventDate "1998.08.15"]

1. e4 c5 2. Nc3 Nc6 3. f4 g6 4. Nf3 Bg7 5. Bb5 Nd4 6. Nxd4 cxd4 7. Ne2 Nf6 8.
Bd3 d6 9. Nxd4 Nxe4 10. Bxe4 Bxd4 11. Qf3 Qb6 12. c3 Bg7 13. Qf2 Qxf2+ 14. Kxf2
e6 15. d4 d5 16. Bd3 Bd7 17. Bd2 Ke7 18. Rae1 Kd6 19. g4 h5 20. h3 hxg4 21.
hxg4 b5 22. Kg2 Rxh1 23. Rxh1 Rh8 24. Rxh8 Bxh8 25. Be1 Bf6 26. Kh3 g5 27. Bd2
gxf4 28. Bxf4+ Kc6 29. Kg3 b4 30. g5 Be7 31. cxb4 Bxb4 32. Be5 Bd2 33. Kh4 Kb6
34. Kh5 Bb5 35. Bh7 Be8 36. Kh6 f5 37. Bg8 Bd7 38. Kh5 f4 39. g6 f3 40. Bg3 Be3
41. Bf7 Bxd4 42. Bf2 Bxf2 43. g7 Bg3 44. g8=Q f2 45. Qd8+ Kc5 46. Qxd7 f1=Q 47.
Qxa7+ Kd6 48. Qb6+ Ke7 49. Qxe6+ Kf8 50. Qe8+ Kg7 51. Qg8+ Kf6 52. Qxg3 Kxf7
53. Kg4 Ke6 54. Qe3+ Kd6 55. Qh6+ Kc5 1-0

[Event "AUT98_M-ch"]
[Site "Werfen"]
[Date "1998.08.10"]
[Round "3.13"]
[White "Hardt, Christian"]
[Black "Rolletschek, Heinrich "]
[Result "1-0"]
[WhiteElo "2135"]
[BlackElo "2300"]
[PlyCount "41"]
[EventDate "1998.08.15"]

1. e4 e5 2. f4 exf4 3. Nf3 d5 4. exd5 Nf6 5. Bb5+ Bd7 6. Bxd7+ Qxd7 7. c4 c6 8.
Qe2+ Be7 9. Ne5 Qd6 10. Nc3 cxd5 11. d4 dxc4 12. Qxc4 O-O 13. Bxf4 Nh5 14. O-O
Nxf4 15. Rxf4 Bf6 16. Raf1 Nc6 17. Ne4 Qxd4+ 18. Qxd4 Nxd4 19. Nxf6+ gxf6 20.
Rg4+ Kh8 21. Rxf6 1-0

[Event "AUT98_M-ch"]
[Site "Werfen"]
[Date "1998.08.10"]
[Round "3.14"]
[White "Genser, Harald"]
[Black "Posch, Werner"]
[Result "1-0"]
[WhiteElo "2155"]
[BlackElo "2295"]
[PlyCount "115"]
[EventDate "1998.08.15"]

1. e4 Nf6 2. e5 Nd5 3. d4 d6 4. Nf3 g6 5. Bc4 Nb6 6. Bb3 Bg7 7. Ng5 d5 8. f4 f6
9. Nf3 Nc6 10. c3 Bg4 11. Nbd2 Qd7 12. h3 Bf5 13. Nf1 Be4 14. Ng3 Bxf3 15. Qxf3
fxe5 16. fxe5 Rf8 17. Qg4 Nd8 18. Bc2 Ne6 19. Qh4 Rh8 20. O-O O-O-O 21. Rf7
Rdf8 22. Rxf8+ Nxf8 23. Bg5 Kd8 24. Bh6 Rg8 25. Rf1 Qe8 26. b3 Ne6 27. Be3 Rh8
28. Ne2 Qg8 29. Nf4 c6 30. Qg4 Nf8 31. Nd3 Ne6 32. Nf4 Nf8 33. Bd3 Bh6 34. Nxd5
Bxe3+ 35. Nxe3 Ne6 36. c4 Kc7 37. Nc2 Kb8 38. Be4 g5 39. Bf5 Nf4 40. g3 h5 41.
Qf3 e6 42. gxf4 exf5 43. fxg5 Qxg5+ 44. Kh2 Rg8 45. Qf2 Rf8 46. Qf4 Qd8 47. Rg1
Nc8 48. Rg2 Qa5 49. Ne3 Qc3 50. d5 Qd3 51. Rg7 Ka8 52. e6 cxd5 53. Nxd5 a6 54.
Rg2 Ka7 55. e7 Re8 56. Qe5 Qf3 57. Qd4+ Kb8 58. Rf2 1-0

[Event "AUT98_M-ch"]
[Site "Werfen"]
[Date "1998.08.10"]
[Round "3.15"]
[White "Sulyok, Michael"]
[Black "Schumi, Manfred "]
[Result "1/2-1/2"]
[WhiteElo "2270"]
[BlackElo "2260"]
[PlyCount "69"]
[EventDate "1998.08.15"]

1. c4 g6 2. Nc3 Bg7 3. d4 Nf6 4. e4 d6 5. Bd3 O-O 6. Nge2 Nc6 7. O-O Nh5 8. Be3
e5 9. d5 Ne7 10. Qd2 f5 11. exf5 gxf5 12. f4 Ng6 13. g3 Bd7 14. c5 Kh8 15. Rf2
exf4 16. Nxf4 Nhxf4 17. gxf4 Re8 18. cxd6 cxd6 19. Nb5 Bxb5 20. Bxb5 Rg8 21.
Kh1 a6 22. Bd3 Qf6 23. Rg1 Rae8 24. Bb1 Re7 25. Rfg2 Rge8 26. Bb6 Nh4 27. Rxg7
Rxg7 28. Rxg7 Nf3 29. Bd4 Qxd4 30. Qxd4 Nxd4 31. Rg1 Re7 32. Rg2 Re1+ 33. Rg1
Re2 34. Rg2 Re1+ 35. Rg1 1/2-1/2

[Event "AUT98_M-ch"]
[Site "Werfen"]
[Date "1998.08.10"]
[Round "3.17"]
[White "Zoister, Stefan"]
[Black "Wiedner, Robert"]
[Result "1-0"]
[WhiteElo "2105"]
[BlackElo "2190"]
[PlyCount "57"]
[EventDate "1998.08.15"]

1. e4 c5 2. Nf3 a6 3. c4 d6 4. d4 Bg4 5. dxc5 Qa5+ 6. Nc3 Qxc5 7. Be3 Qa5 8.
Be2 Nf6 9. O-O Nbd7 10. a3 Rc8 11. b4 Qc7 12. Nd5 Qb8 13. Qa4 e6 14. Nb6 Rc6
15. c5 dxc5 16. Nxd7 Nxd7 17. b5 Rb6 18. bxa6 bxa6 19. Rfd1 Qc7 20. Bxa6 Bxf3
21. gxf3 Bd6 22. Bb5 e5 23. Rd5 Ke7 24. Bxd7 Qxd7 25. Qxd7+ Kxd7 26. Bxc5 Rc6
27. Rad1 Rxc5 28. Rxc5 Ke7 29. Ra5 1-0

[Event "AUT98_M-ch"]
[Site "Werfen"]
[Date "1998.08.10"]
[Round "3.19"]
[White "Neihs, Harald"]
[Black "Mahdy, Khaled"]
[Result "1/2-1/2"]
[WhiteElo "2180"]
[BlackElo "2365"]
[PlyCount "50"]
[EventDate "1998.08.15"]

1. d4 Nf6 2. Bg5 c5 3. Bxf6 gxf6 4. d5 Qb6 5. Qc1 Bh6 6. e3 d6 7. c4 Nd7 8. Nc3
f5 9. Qd2 Nf6 10. Nge2 Bg7 11. g3 Bd7 12. Bg2 Qb4 13. Qd3 Ng4 14. f4 Qxb2 15.
O-O Qa3 16. Rab1 b5 17. cxb5 c4 18. Qd2 Qc5 19. Rf3 Rb8 20. h3 Nf6 21. Rff1 e6
22. Nd4 Qxd4 23. exd4 O-O 24. a4 exd5 25. Nxd5 Rfe8 1/2-1/2

[Event "AUT98_M-ch"]
[Site "Werfen"]
[Date "1998.08.10"]
[Round "3.20"]
[White "Senoner, Erich Jun"]
[Black "Grabher, Heinz"]
[Result "0-1"]
[WhiteElo "2160"]
[BlackElo "2285"]
[PlyCount "128"]
[EventDate "1998.08.15"]

1. e4 e5 2. Nf3 Nc6 3. d4 exd4 4. Bc4 Nf6 5. e5 d5 6. Bb5 Ne4 7. O-O Bc5 8. c3
dxc3 9. Nxc3 Nxc3 10. bxc3 O-O 11. Bg5 Be7 12. Bf4 f6 13. Qd2 Bg4 14. Bxc6 Bxf3
15. Bxb7 Rb8 16. Bc6 Rb6 17. Ba4 fxe5 18. Bxe5 Rg6 19. Bg3 Be4 20. Bb3 Bc5 21.
Rae1 Kh8 22. c4 c6 23. cxd5 cxd5 24. Kh1 Qg5 25. Qxg5 Rxg5 26. Rd1 Rgf5 27. Rd2
Be3 28. Rb2 Bd4 29. Rd2 Bc3 30. Rdd1 d4 31. Bd6 Rd8 32. Bc7 Re8 33. f3 Bc6 34.
Bc2 Rb5 35. Rb1 Rxb1 36. Rxb1 Bd5 37. Rb8 Rxb8 38. Bxb8 a5 39. a4 Bc4 40. Ba7
Be2 41. Bb3 d3 42. Bc4 Bd1 43. Bxd3 Bxa4 44. Bc4 Bc2 45. Bc5 Bb2 46. Bd5 a4 47.
Bc4 Bb1 48. Bd5 a3 49. Bxa3 Bxa3 50. Bf7 Bc5 51. Bd5 Bf2 52. Be6 h6 53. Bd5 Kh7
54. Bc6 Kg6 55. Bd5 Kf6 56. Bc6 Ke5 57. Bb7 Bd3 58. Bc6 Kd4 59. Bd7 Ke3 60. Bc8
Ke2 61. Bb7 Be3 62. Bd5 Kf2 63. g3 Be2 64. f4 Bf3+ 0-1

[Event "AUT98_M-ch"]
[Site "Werfen"]
[Date "1998.08.10"]
[Round "3.21"]
[White "Petschar, Kurt"]
[Black "Kranewitter, Norbert"]
[Result "0-1"]
[WhiteElo "2260"]
[BlackElo "2180"]
[PlyCount "83"]
[EventDate "1998.08.15"]

1. e4 c6 2. Ne2 d5 3. e5 Bf5 4. Nd4 Bg6 5. h4 h5 6. e6 Qd6 7. exf7+ Bxf7 8. Nf3
e5 9. d4 e4 10. Ne5 Nd7 11. Nxf7 Kxf7 12. c4 Ngf6 13. Nc3 Re8 14. Be2 Be7 15.
a3 Nf8 16. Qb3 Ne6 17. Be3 b6 18. O-O-O Rb8 19. f3 dxc4 20. Bxc4 exf3 21. d5
cxd5 22. Nxd5 b5 23. Bxb5 fxg2 24. Rhe1 Nxd5 25. Rxd5 Qc6+ 26. Kb1 a6 27. Rf5+
Bf6 28. Rxf6+ gxf6 29. Bxc6 Rxb3 30. Bxg2 Rhb8 31. Bd5 Rxb2+ 32. Ka1 R2b6 33.
Bxb6 Rxb6 34. a4 Ke7 35. a5 Rd6 36. Bxe6 Rxe6 37. Rd1 Rd6 38. Rc1 f5 39. Re1+
Kf6 40. Rb1 f4 41. Kb2 Kf5 42. Kc3 0-1

[Event "AUT98_M-ch"]
[Site "Werfen"]
[Date "1998.08.10"]
[Round "3.23"]
[White "Raffalt, Manfred"]
[Black "Wersching, Alfred"]
[Result "1-0"]
[WhiteElo "2180"]
[BlackElo "2100"]
[PlyCount "35"]
[EventDate "1998.08.15"]

1. d4 f5 2. g4 fxg4 3. e4 d6 4. Nc3 e5 5. Be3 exd4 6. Qxd4 Nc6 7. Qd2 Ne5 8.
O-O-O Be6 9. h3 Nf3 10. Qe2 Nxg1 11. Rxg1 gxh3 12. f4 Ne7 13. f5 Bd7 14. Qh5+
g6 15. fxg6 Bg7 16. gxh7+ Kf8 17. Rxg7 Be6 18. Bh6 1-0

[Event "AUT98_M-ch"]
[Site "Werfen"]
[Date "1998.08.10"]
[Round "3.24"]
[White "Hinteregger, Arthur"]
[Black "Steinermayr, Thomas"]
[Result "1-0"]
[WhiteElo "2160"]
[BlackElo "2220"]
[PlyCount "71"]
[EventDate "1998.08.15"]

1. e4 e5 2. Nf3 Nc6 3. Bc4 Nf6 4. d3 Be7 5. O-O O-O 6. Nc3 d6 7. h3 Kh8 8. Ng5
Qe8 9. f4 exf4 10. Bxf4 Ne5 11. Bb3 Ng6 12. Bd2 h6 13. Nf3 c6 14. Qe1 Kh7 15.
Qf2 Be6 16. Ne2 d5 17. e5 Nd7 18. d4 f6 19. exf6 Rxf6 20. Ng3 Nf4 21. Bxf4 Rxf4
22. Qe3 Rf6 23. c3 Qg6 24. Kh2 Raf8 25. Rac1 Bd6 26. Ne5 Bxe5 27. dxe5 Rxf1 28.
Nxf1 Qh5 29. Ng3 Qh4 30. Bc2+ g6 31. Re1 Qf4 32. Qxa7 Nxe5 33. Qxb7+ Rf7 34.
Qb4 Qg5 35. Bd1 Rf2 36. Qd4 1-0

[Event "AUT98_M-ch"]
[Site "Werfen"]
[Date "1998.08.10"]
[Round "3.25"]
[White "Obermayr, Hermann"]
[Black "Neuschmied, Siegfried"]
[Result "1-0"]
[WhiteElo "2160"]
[BlackElo "2200"]
[PlyCount "79"]
[EventDate "1998.08.15"]

1. d4 Nf6 2. Nf3 g6 3. c4 Bg7 4. Nc3 d6 5. Bg5 Nbd7 6. e3 O-O 7. Qc2 c6 8. Be2
a6 9. Nd2 Qa5 10. Bh4 e5 11. dxe5 dxe5 12. Rb1 Qc7 13. O-O a5 14. a3 Nb6 15.
Rfd1 Be6 16. b4 axb4 17. axb4 h6 18. f3 Ra3 19. Ra1 Rfa8 20. Rxa3 Rxa3 21. Qb2
Ra8 22. Ra1 Re8 23. Ra7 Nc8 24. Ra3 Nd7 25. Bf2 Bf6 26. e4 Rd8 27. Be3 Kh7 28.
Na4 Qd6 29. Nc5 Nxc5 30. bxc5 Qe7 31. g3 Rd7 32. Ra8 Qd8 33. Nf1 Qc7 34. Qc1
Bg7 35. f4 Ne7 36. Nd2 Ng8 37. Nf3 exf4 38. Bxf4 Rd8 39. Bxc7 Rxa8 40. Be5 1-0

[Event "AUT98_M-ch"]
[Site "Werfen"]
[Date "1998.08.11"]
[Round "4.1"]
[White "Hoelzl, Franz"]
[Black "Stanec, Nikolaus"]
[Result "0-1"]
[WhiteElo "2410"]
[BlackElo "2495"]
[PlyCount "88"]
[EventDate "1998.08.15"]

1. d4 Nf6 2. Nf3 b6 3. g3 Bb7 4. c4 e6 5. Bg2 c5 6. O-O cxd4 7. Qxd4 d6 8. Rd1
Nbd7 9. Nc3 a6 10. b3 Qc7 11. Qe3 Be7 12. Nd4 Bxg2 13. Kxg2 Qb7+ 14. Qf3 Qxf3+
15. Nxf3 Rc8 16. Bb2 Nc5 17. Nd4 Nfe4 18. Nb1 Nd7 19. f3 Nec5 20. Nc3 Ne5 21.
f4 Ng4 22. Nc2 f5 23. b4 Ne4 24. Nxe4 fxe4 25. Bxg7 Rg8 26. Bd4 Rxc4 27. Na3
Rxb4 28. h3 Nf6 29. Nc2 Ra4 30. Ne3 Nh5 31. Ng4 Nxf4+ 32. gxf4 h5 33. Kg3 Ra3+
34. e3 b5 35. Rdc1 Kd7 36. Rc3 Rxc3 37. Bxc3 d5 38. a3 Bc5 39. Bd4 Bxd4 40.
exd4 a5 41. Rb1 hxg4 42. hxg4 Rb8 43. g5 b4 44. Kg4 bxa3 0-1

[Event "AUT98_M-ch"]
[Site "Werfen"]
[Date "1998.08.11"]
[Round "4.2"]
[White "Casagrande, Harald"]
[Black "Schroll, Gerhard"]
[Result "1/2-1/2"]
[WhiteElo "2360"]
[BlackElo "2400"]
[PlyCount "84"]
[EventDate "1998.08.15"]

1. d4 Nf6 2. Nf3 g6 3. h4 Bg7 4. h5 Nxh5 5. e4 d6 6. Bc4 Nf6 7. Qe2 c6 8. e5
Nd5 9. exd6 Qxd6 10. Nc3 Bf5 11. Bxd5 cxd5 12. Nb5 Qb6 13. Bf4 O-O 14. Nc7 Qxb2
15. O-O Nc6 16. Nxa8 Rxa8 17. Rab1 Nxd4 18. Qxe7 Qxc2 19. Nxd4 Bxd4 20. Qxb7
Re8 21. Rbc1 Qxa2 22. Rcd1 Bb6 23. Qc6 Rc8 24. Qf6 Bd8 25. Qd4 Bb6 26. Qxd5
Qxd5 27. Rxd5 h5 28. Ra1 Kg7 29. Be5+ Kh6 30. Bf4+ Kg7 31. Rd2 Rc4 32. Be3 Bxe3
33. fxe3 Rc7 34. Rda2 Rc3 35. Ra3 Rc2 36. Rxa7 Be4 37. R7a2 Rc7 38. Kf2 Kh6 39.
Rd2 Kg7 40. Ra4 Bf5 41. Rda2 Be6 42. Rb2 Kh6 1/2-1/2

[Event "AUT98_M-ch"]
[Site "Werfen"]
[Date "1998.08.11"]
[Round "4.3"]
[White "Weiss, Christian"]
[Black "Wach, Markus"]
[Result "1/2-1/2"]
[WhiteElo "2370"]
[BlackElo "2395"]
[PlyCount "121"]
[EventDate "1998.08.15"]

1. e4 c6 2. Nc3 d5 3. d4 dxe4 4. Nxe4 Bf5 5. Ng3 Bg6 6. Nf3 Nf6 7. Bc4 e6 8.
Qe2 Nbd7 9. O-O Be7 10. Ng5 h6 11. Nh3 Nd5 12. Bb3 O-O 13. c4 N5f6 14. Nf4 Bh7
15. Rd1 Re8 16. Nfh5 Bd6 17. Be3 Qe7 18. Qf3 e5 19. c5 Bc7 20. Nf5 Bxf5 21.
Qxf5 Nxh5 22. Qxh5 Nf6 23. Qf5 Rad8 24. dxe5 Qxe5 25. Qxe5 Bxe5 26. Rab1 Rxd1+
27. Bxd1 Bf4 28. Bf3 Bxe3 29. fxe3 Rxe3 30. Rc1 a5 31. Kf2 Re5 32. a3 Ne4+ 33.
Bxe4 Rxe4 34. Kf3 f5 35. Rd1 Rc4 36. Rd7 Rxc5 37. Rxb7 Kh7 38. a4 Kg6 39. b4
axb4 40. Rxb4 Kf6 41. Rb8 Ke5 42. Re8+ Kd5 43. Rd8+ Ke5 44. Re8+ Kf6 45. Rc8
Rc3+ 46. Kf2 Ke5 47. a5 Kd5 48. Rf8 Ke4 49. Re8+ Kd5 50. Re7 g5 51. a6 Ra3 52.
a7 g4 53. Rf7 Ke4 54. Re7+ Kd5 55. Rf7 Ke5 56. Re7+ Kd6 57. Rf7 Ke6 58. Rc7 Kd5
59. Rf7 Ke5 60. Rc7 Kd5 61. Rf7 1/2-1/2

[Event "AUT98_M-ch"]
[Site "Werfen"]
[Date "1998.08.11"]
[Round "4.4"]
[White "Schneider-Zinner, Harald"]
[Black "Baumegger, Siegfried"]
[Result "1/2-1/2"]
[WhiteElo "2300"]
[BlackElo "2360"]
[PlyCount "107"]
[EventDate "1998.08.15"]

1. d4 e6 2. Nf3 c5 3. g3 Nf6 4. Bg2 Nc6 5. O-O Qb6 6. dxc5 Bxc5 7. Nc3 Bb4 8.
Na4 Qc7 9. Bf4 Qd8 10. c4 O-O 11. Qb3 d5 12. Rfd1 Qa5 13. a3 Be7 14. Nc3 Qa6
15. cxd5 Nxd5 16. Nxd5 exd5 17. Qxd5 Qxe2 18. Rd2 Qe6 19. Ne5 Qxd5 20. Bxd5
Nxe5 21. Bxe5 a5 22. Rc1 a4 23. Kg2 Rd8 24. Rc7 Be6 25. Bxb7 Rxd2 26. Bxa8 Bf6
27. Rc5 Bxe5 28. Rxe5 g6 29. Ra5 Bb3 30. Bc6 Rd4 31. Kf3 Kg7 32. Ra7 h5 33. h4
Rd2 34. Bxa4 Bxa4 35. Rxa4 Rxb2 36. Re4 Ra2 37. Re3 Kf6 38. Rb3 Ke6 39. Ke3 Kf5
40. f3 Ke5 41. Rb5+ Kf6 42. Ra5 Ra1 43. Kf4 Kg7 44. Ra7 Kf6 45. Ra6+ Kg7 46. a4
Ra2 47. g4 hxg4 48. fxg4 Rf2+ 49. Kg3 Ra2 50. Ra7 Kf6 51. h5 gxh5 52. gxh5 Kg5
53. Ra5+ f5 54. h6 1/2-1/2

[Event "AUT98_M-ch"]
[Site "Werfen"]
[Date "1998.08.11"]
[Round "4.5"]
[White "Kwatschewsky, Leo "]
[Black "Moser, Guenter "]
[Result "1-0"]
[WhiteElo "2275"]
[BlackElo "2355"]
[PlyCount "71"]
[EventDate "1998.08.15"]

1. d4 g6 2. e4 Bg7 3. Nf3 d6 4. Bc4 Nf6 5. Qe2 c6 6. Bb3 O-O 7. c3 h6 8. O-O
Na6 9. Nh4 Kh7 10. f4 e5 11. Nf3 exf4 12. Bxf4 Qe7 13. Nbd2 Nh5 14. Be3 f5 15.
Bc2 Nc7 16. Rae1 f4 17. Bf2 Bg4 18. h3 Be6 19. Nh4 f3 20. Ndxf3 Nf4 21. Qd2 Bc4
22. Be3 g5 23. Nf5 Rxf5 24. exf5 Qf6 25. Bxf4 gxf4 26. Rf2 Nd5 27. Ne5 dxe5 28.
dxe5 Qg5 29. f6+ Kg8 30. fxg7 Re8 31. b3 Ba6 32. c4 Ne3 33. Qd7 Rxe5 34. Qd4 f3
35. Be4 c5 36. Qxe3 1-0

[Event "AUT98_M-ch"]
[Site "Werfen"]
[Date "1998.08.11"]
[Round "4.6"]
[White "Hardt, Christian"]
[Black "Freitag, Manfred"]
[Result "1-0"]
[WhiteElo "2135"]
[BlackElo "2400"]
[PlyCount "37"]
[EventDate "1998.08.15"]

1. d4 Nf6 2. Nc3 d6 3. e4 g6 4. f4 Bg7 5. Nf3 O-O 6. e5 Nfd7 7. h4 c5 8. h5
cxd4 9. hxg6 hxg6 10. Qxd4 Re8 11. Qg1 dxe5 12. fxe5 Nxe5 13. Qh2 Nxf3+ 14.
gxf3 Qd4 15. Qh7+ Kf8 16. Bh6 Qe5+ 17. Be2 Qg3+ 18. Kd1 Rd8+ 19. Kc1 1-0

[Event "AUT98_M-ch"]
[Site "Werfen"]
[Date "1998.08.11"]
[Round "4.7"]
[White "Danner, Georg"]
[Black "Hiermann, Dietmar"]
[Result "1-0"]
[WhiteElo "2340"]
[BlackElo "2205"]
[PlyCount "127"]
[EventDate "1998.08.15"]

1. d4 Nf6 2. Nf3 g6 3. c4 Bg7 4. Nc3 d5 5. Bg5 Ne4 6. Bf4 Nxc3 7. bxc3 c5 8. e3
O-O 9. Rb1 Nc6 10. Be2 a6 11. O-O dxc4 12. Bxc4 b5 13. Bd3 Bg4 14. h3 e5 15.
Be4 exf4 16. Bxc6 Rc8 17. Bb7 Rb8 18. hxg4 Rxb7 19. e4 Re8 20. Qd3 Rd7 21. Rbd1
Qe7 22. Rfe1 h5 23. gxh5 g5 24. h6 Bxh6 25. Ne5 Rd6 26. Ng4 Bg7 27. e5 Rd5 28.
Qf5 Qd8 29. Re4 Re6 30. g3 fxg3 31. fxg3 b4 32. Rf1 Qe7 33. c4 Rxd4 34. Rxd4
cxd4 35. Nf6+ Kf8 36. Nh7+ Ke8 37. Nxg5 Rc6 38. Nxf7 d3 39. Nd6+ Kd8 40. Qxd3
Bxe5 41. Nf5+ Qd7 42. Qe4 Bf6 43. Kg2 Kc7 44. Ne3 Re6 45. Nd5+ Kc8 46. Qf3 Bd8
47. Nf4 Rc6 48. Rd1 Qe8 49. Rd2 a5 50. Qd5 Bc7 51. Qf5+ Kb7 52. Qb5+ Ka7 53.
Re2 Qa8 54. Nd5 Qb7 55. Re7 Kb8 56. Re8+ Ka7 57. Re7 Kb8 58. Kf3 Qxb5 59. cxb5
Rc5 60. Nxc7 Rc3+ 61. Kf4 Rc1 62. Na6+ Kc8 63. Ke5 b3 64. b6 1-0

[Event "AUT98_M-ch"]
[Site "Werfen"]
[Date "1998.08.11"]
[Round "4.8"]
[White "Roth, Peter"]
[Black "Genser, Harald"]
[Result "1/2-1/2"]
[WhiteElo "2275"]
[BlackElo "2155"]
[PlyCount "34"]
[EventDate "1998.08.15"]

1. e4 c5 2. Nf3 d6 3. Nc3 Nf6 4. Bb5+ Bd7 5. a4 Nc6 6. O-O e6 7. b3 Be7 8. Bb2
O-O 9. Re1 e5 10. h3 a6 11. Bxc6 Bxc6 12. d3 b5 13. axb5 axb5 14. Ne2 Nd7 15.
g4 g6 16. Ng3 Rxa1 17. Bxa1 Re8 1/2-1/2

[Event "AUT98_M-ch"]
[Site "Werfen"]
[Date "1998.08.11"]
[Round "4.9"]
[White "Gerhold, Michael"]
[Black "Zoister, Stefan"]
[Result "0-1"]
[WhiteElo "2265"]
[BlackElo "2105"]
[PlyCount "50"]
[EventDate "1998.08.15"]

1. e4 c5 2. Nf3 Nc6 3. Bb5 d6 4. c3 Bd7 5. O-O Nf6 6. Re1 a6 7. Bf1 e5 8. h3
Be7 9. d4 O-O 10. a4 cxd4 11. cxd4 exd4 12. Nxd4 d5 13. e5 Ne4 14. Nc3 Bc5 15.
Nxe4 Bxd4 16. Ng5 Bf5 17. Bd3 Bg6 18. Nf3 Bc5 19. Bg5 Qb6 20. Bh4 Nd4 21. a5
Qxb2 22. Rb1 Nxf3+ 23. gxf3 Qd4 24. Bxg6 Qxh4 25. Bf5 Bxf2+ 0-1

[Event "AUT98_M-ch"]
[Site "Werfen"]
[Date "1998.08.11"]
[Round "4.10"]
[White "Wittmann, Walter "]
[Black "Sulyok, Michael"]
[Result "1/2-1/2"]
[WhiteElo "2380"]
[BlackElo "2270"]
[PlyCount "180"]
[EventDate "1998.08.15"]

1. e4 d6 2. d4 Nf6 3. Nc3 e5 4. dxe5 dxe5 5. Qxd8+ Kxd8 6. Bc4 Be6 7. Bxe6 fxe6
8. f3 Bd6 9. Nh3 Ke7 10. Nf2 Nbd7 11. Be3 a5 12. Nd3 c6 13. a4 Rhb8 14. Ke2 h6
15. b3 Ne8 16. Nd1 Nc7 17. N1b2 Na6 18. Nc4 Bc7 19. Rhd1 b6 20. Bf2 Nb4 21.
Nxb4 axb4 22. Be1 b5 23. axb5 Rxa1 24. Rxa1 Rxb5 25. Ra4 c5 26. Ra7 Bb8 27. Ra8
Bc7 28. Bg3 Rb7 29. h4 Nb6 30. Nxb6 Rxb6 31. Rg8 Kf7 32. Rc8 Bd6 33. Bf2 Rb5
34. Ra8 c4 35. bxc4 b3 36. cxb3 Rxb3 37. Ra2 Rc3 38. Ra4 Rc2+ 39. Ke1 Rb2 40.
Be3 Rxg2 41. Bf2 Rh2 42. c5 Rxf2 43. Kxf2 Bxc5+ 44. Kg3 Be3 45. h5 Bf4+ 46. Kg4
Kf6 47. Ra6 Kf7 48. Rc6 Kf6 49. Rc7 Be3 50. Rc2 Bf4 51. Rg2 Bg5 52. Kh3 Kf7 53.
Rg1 Kf6 54. Rd1 Bf4 55. Rd7 Be3 56. Rd6 Bf4 57. Kg2 Ke7 58. Rc6 Kf6 59. Kf1 Be3
60. Ke2 Bf4 61. Ra6 Bg3 62. Ra8 Kf7 63. Kd3 Bf4 64. Kc4 g6 65. hxg6+ Kxg6 66.
Rg8+ Kf6 67. Kd3 h5 68. Ke2 h4 69. Rh8 Bg3 70. Kf1 Kg7 71. Re8 Kf7 72. Ra8 h3
73. Rh8 h2 74. Kg2 Bf4 75. Rh4 Kf6 76. Rg4 Kf7 77. Rh4 Kf6 78. Rh3 Kg5 79. Kf2
Kf6 80. Ke2 Kf7 81. Kd3 Kf6 82. Kc4 Kf7 83. Kb5 Kf6 84. Kc6 Ke7 85. Rh7+ Kf6
86. Kd7 Kg6 87. Rh3 Kf7 88. Rh5 Bg3 89. Rh7+ Kg6 90. Rh3 Kf7 1/2-1/2

[Event "AUT98_M-ch"]
[Site "Werfen"]
[Date "1998.08.11"]
[Round "4.11"]
[White "Grabher, Heinz"]
[Black "Herndl, Harald "]
[Result "1/2-1/2"]
[WhiteElo "2285"]
[BlackElo "2375"]
[PlyCount "52"]
[EventDate "1998.08.15"]

1. e4 Nf6 2. e5 Nd5 3. d4 d6 4. c4 Nb6 5. f4 dxe5 6. fxe5 Nc6 7. Be3 Bf5 8. Nc3
e6 9. Nf3 Be7 10. d5 exd5 11. cxd5 Nb4 12. Nd4 Bd7 13. Qf3 c5 14. dxc6 bxc6 15.
e6 fxe6 16. O-O-O N6d5 17. a3 Nxc3 18. Nxe6 Qa5 19. Nxg7+ Kd8 20. Rxd7+ Kxd7
21. axb4 Qa1+ 22. Kc2 Qa4+ 23. Kc1 Na2+ 24. Kb1 Nc3+ 25. Kc1 Na2+ 26. Kb1 Nc3+
1/2-1/2

[Event "AUT98_M-ch"]
[Site "Werfen"]
[Date "1998.08.11"]
[Round "4.12"]
[White "Schumi, Manfred "]
[Black "Brandner, Stefan"]
[Result "0-1"]
[WhiteElo "2260"]
[BlackElo "2340"]
[PlyCount "50"]
[EventDate "1998.08.15"]

1. e4 g6 2. d4 Bg7 3. Nc3 d6 4. Be3 Nd7 5. Qd2 a6 6. f3 e5 7. dxe5 Nxe5 8.
O-O-O Be6 9. Be2 b5 10. f4 Nc4 11. Bxc4 Bxc4 12. g4 b4 13. Nd5 c5 14. Nxb4 Rb8
15. b3 cxb4 16. bxc4 Nf6 17. Ne2 O-O 18. Ng3 Qa5 19. Kb1 Nd7 20. e5 dxe5 21.
Qxd7 exf4 22. Bxf4 b3 23. cxb3 Rxb3+ 24. axb3 Qa1+ 25. Kc2 Qc3+ 0-1

[Event "AUT98_M-ch"]
[Site "Werfen"]
[Date "1998.08.11"]
[Round "4.13"]
[White "Hellmayr, Alois "]
[Black "Kummer, Helmut"]
[Result "0-1"]
[WhiteElo "2240"]
[BlackElo "2315"]
[PlyCount "58"]
[EventDate "1998.08.15"]

1. e3 d5 2. Nf3 c6 3. c4 Nf6 4. b4 Bg4 5. Bb2 Nbd7 6. b5 e5 7. bxc6 bxc6 8. Be2
Bd6 9. cxd5 cxd5 10. Nc3 O-O 11. Nb5 Rb8 12. Rb1 Bf5 13. Rc1 Be4 14. Ba1 Bxf3
15. gxf3 Qb6 16. Qa4 Rb7 17. Nxd6 Qxd6 18. O-O Rb4 19. Qc6 Qe7 20. Kh1 Rh4 21.
Rg1 Rb8 22. Rg2 Nf8 23. Qc7 N6d7 24. Qxa7 Rb6 25. Rcg1 Kh8 26. f4 d4 27. fxe5
Qxe5 28. f4 Qe7 29. Rxg7 Qe4+ 0-1

[Event "AUT98_M-ch"]
[Site "Werfen"]
[Date "1998.08.11"]
[Round "4.14"]
[White "Kranewitter, Norbert"]
[Black "Duer, Werner"]
[Result "0-1"]
[WhiteElo "2180"]
[BlackElo "2310"]
[PlyCount "76"]
[EventDate "1998.08.15"]

1. e4 d6 2. d4 Nf6 3. Nc3 c6 4. Nf3 Bg4 5. Be2 e6 6. O-O d5 7. exd5 cxd5 8. Ne5
Bxe2 9. Nxe2 Nc6 10. c3 Nxe5 11. dxe5 Nd7 12. Bf4 Be7 13. Nd4 Qb6 14. Qe2 O-O
15. Rad1 Rae8 16. Rd3 f6 17. Qg4 Bc5 18. Rg3 Rf7 19. Nf3 fxe5 20. Bh6 Nf6 21.
Qa4 Qc7 22. Rg5 Bd6 23. Re1 Kh8 24. Rgxe5 Bxe5 25. Nxe5 gxh6 26. Qf4 Ref8 27.
Nxf7+ Qxf7 28. Qxh6 Ng4 29. Qd2 Nxf2 30. Qd4+ Kg8 31. Qxa7 Ne4 32. Qd4 Qg7 33.
Qb6 Qf6 34. h3 Rf7 35. a4 Qh4 36. Re2 Qf4 37. Re1 Qg3 38. Re2 Ng5 0-1

[Event "AUT98_M-ch"]
[Site "Werfen"]
[Date "1998.08.11"]
[Round "4.15"]
[White "Rogetzer, Klaus"]
[Black "Neubauer, Martin "]
[Result "1/2-1/2"]
[WhiteElo "2210"]
[BlackElo "2305"]
[PlyCount "143"]
[EventDate "1998.08.15"]

1. d4 Nf6 2. c4 g6 3. Nc3 d5 4. cxd5 Nxd5 5. e4 Nxc3 6. bxc3 Bg7 7. Be3 c5 8.
Qd2 Qa5 9. Rb1 a6 10. Rc1 cxd4 11. cxd4 Qxd2+ 12. Kxd2 O-O 13. Nf3 e6 14. Be2
Bd7 15. d5 exd5 16. exd5 Rd8 17. Nd4 Ba4 18. Bd1 Bxd1 19. Rhxd1 Nd7 20. Ke1 Nf6
21. Rc7 Nxd5 22. Rxb7 Nxe3 23. fxe3 Rac8 24. Ra7 Rc3 25. Rxa6 Rxe3+ 26. Kf2 Re4
27. Ne6 Re8 28. Nxg7 Re2+ 29. Kf1 Kxg7 30. Ra7 R2e5 31. a4 Rb8 32. Kg1 Rf5 33.
Rf1 Rxf1+ 34. Kxf1 Rb2 35. a5 Ra2 36. h4 h5 37. Kg1 Ra4 38. g3 Ra2 39. Kf1 Kf6
40. Kg1 Ke6 41. a6 f6 42. Ra8 Ke5 43. a7 Kf5 44. Kf1 Kg4 45. Rg8 Rxa7 46. Rxg6+
Kf3 47. Kg1 Ra2 48. Kh1 Rb2 49. Kg1 Rb5 50. Kh2 Rf5 51. Rh6 Kf2 52. Rg6 Rf3 53.
g4 Rf4 54. Kh3 hxg4+ 55. Rxg4 Rf3+ 56. Kh2 f5 57. Rg2+ Ke3 58. Ra2 Rf4 59. Ra3+
Kf2 60. Ra2+ Kf3 61. Kh3 Rd4 62. Ra3+ Ke4 63. h5 Rd6 64. Ra4+ Kf3 65. Kh4 f4
66. Kg5 Rd5+ 67. Kg6 Kg3 68. h6 Rd6+ 69. Kg7 Rd7+ 70. Kg8 f3 71. h7 f2 72. Ra1
1/2-1/2

[Event "AUT98_M-ch"]
[Site "Werfen"]
[Date "1998.08.11"]
[Round "4.16"]
[White "Postl, Anton"]
[Black "Hebesberger, Thomas"]
[Result "1-0"]
[WhiteElo "2295"]
[BlackElo "2195"]
[PlyCount "46"]
[EventDate "1998.08.15"]

1. d4 d6 2. Nf3 Bg4 3. e4 Nf6 4. Nc3 e6 5. h3 Bh5 6. Bd3 d5 7. Qe2 Be7 8. exd5
exd5 9. Bg5 O-O 10. g4 Bg6 11. O-O-O c6 12. Ne5 Nbd7 13. Bf5 Re8 14. h4 Bxf5
15. gxf5 Bd6 16. f4 Qa5 17. Rdg1 Bf8 18. Qg2 Qb4 19. Bh6 Qxd4 20. Qxg7+ Bxg7
21. Rxg7+ Kf8 22. Rxf7+ Kg8 23. Rg7+ Kf8 1-0